[Event "AUTO-OPEN-263"]
[Site "http://www.queenalice.com/game.php?id=67234"]
[Date "2006.5.6"]
[Round "1"]
[White "froldan"]
[Black "Naamloos"]
[Result "1-0"]
[WhiteElo "1650"]
[BlackElo "1499"]

1. e4 e5 2. Nf3 Nc6 3. Nc3 Nf6 4. Bb5 Nd4 5. Bc4 Bc5 6. Nxe5 Qe7 7. Nxf7 d5 8.
Bxd5 Nxd5 9. Nxh8 Nxc3 10. bxc3 Qxe4+ 11. Kf1 Bg4 12. f3 1-0

[Event "10 MATCH CUB ARG 01"]
[Site "http://www.queenalice.com/game.php?id=70896"]
[Date "2006.5.23"]
[Round "-"]
[White "froldan"]
[Black "leduar"]
[Result "0-1"]
[WhiteElo "1625"]
[BlackElo "1679"]

1. e4 e5 2. Nf3 Nc6 3. Bb5 Nf6 4. Nc3 Nd4 5. Nxe5 Nxb5 6. Nxb5 c6 7. Nc3 Qe7 8.
Nf3 Nxe4 9. O-O Nxc3 10. dxc3 d5 11. Re1 Be6 12. Nd4 O-O-O 13. Nxe6 fxe6 14. Qg4
Re8 15. Bg5 Qd6 16. Re5 Qxe5 0-1

[Event "Challenge"]
[Site "http://www.queenalice.com/game.php?id=75220"]
[Date "2006.6.9"]
[Round "-"]
[White "froldan"]
[Black "federal"]
[Result "1-0"]
[WhiteElo "1649"]
[BlackElo "1494"]

1. e4 e5 2. Nf3 d6 3. Nc3 a5 4. Bb5+ c6 5. Bc4 b5 6. Be2 b4 7. Na4 Nh6 8. c3 Nd7
9. d4 Ba6 10. Bxa6 Rxa6 11. Bxh6 gxh6 12. cxb4 axb4 13. b3 Nf6 14. dxe5 dxe5 15.
Qxd8+ Kxd8 16. Nxe5 Ke7 17. Nc5 Ra5 18. Nxc6+ Kd6 19. Nxa5 Kxc5 20. f3 Rg8 21.
O-O Kb5 22. Nc4 Bc5+ 23. Kh1 h5 24. Ne5 Bd4 25. Nxf7 Bxa1 26. Rxa1 h4 27. Rd1
Rg7 28. Nh6 Rg6 29. Nf5 h3 30. gxh3 Nh5 31. Nh4 Rh6 32. Rd5+ Kc6 33. Nf5 Rf6 34.
Nd4+ Kc7 35. Rxh5 Rd6 36. Nb5+ Kc6 37. Nxd6 Kxd6 38. Rxh7 Ke5 39. Kg2 Kd4 40.
Kf2 Kc3 41. Rd7 Kb2 42. Rd2+ Kc1 43. Ke3 Kb1 44. Rg2 Ka1 45. Kd3 Kb1 46. Kc4 Kc1
47. Kxb4 Kd1 48. a4 Ke1 49. Kc3 Kf1 50. Ra2 Ke1 51. Kd3 Kd1 52. Ra1# 1-0

[Event "Challenge"]
[Site "http://www.queenalice.com/game.php?id=81016"]
[Date "2006.6.29"]
[Round "-"]
[White "froldan"]
[Black "Diego_Silveira"]
[Result "0-1"]
[WhiteElo "1611"]
[BlackElo "1601"]

1. e4 c5 2. Nf3 Nc6 3. d4 cxd4 4. Nxd4 Nf6 5. Nc3 a6 6. Bc4 e5 7. Nb3 Be7 8. Bg5
O-O 9. Qd2 b5 10. Bd5 Nxd5 11. Bxe7 Ndxe7 12. O-O-O f5 0-1

[Event "Challenge"]
[Site "http://www.queenalice.com/game.php?id=96519"]
[Date "2006.8.17"]
[Round "-"]
[White "froldan"]
[Black "SPFC"]
[Result "1/2-1/2"]
[WhiteElo "1659"]
[BlackElo "1568"]

1. e4 e5 2. Nf3 Nc6 3. Bb5 Bd6 4. O-O a6 5. Ba4 h6 6. d3 b5 7. Bb3 a5 8. a3 Bc5
9. Nbd2 Qf6 10. Ba2 d6 11. Qe2 Bg4 12. h3 Bxf3 13. Qxf3 Qxf3 14. Nxf3 Nf6 15. c3
O-O 16. Re1 Rfe8 17. Be3 Bxe3 18. Rxe3 Rad8 19. d4 exd4 20. cxd4 Rxe4 21. Rxe4
Nxe4 22. Bd5 Nxd4 23. Nxd4 Nf6 24. Bf3 Re8 25. Nxb5 Rb8 26. Nxc7 Rxb2 27. a4 Kf8
28. Nb5 Rd2 29. Rd1 Rxd1+ 30. Bxd1 Ke7 31. g4 Ne4 32. Kg2 g6 33. f3 Nc5 34. h4
Ke6 35. Kg3 Ke5 36. f4+ Ke6 37. Bc2 d5 38. f5+ Ke5 39. fxg6 fxg6 40. Bxg6 Nxa4
41. g5 hxg5 42. hxg5 Nc5 43. Kg4 Ne6 44. Bf7 Nxg5 45. Kxg5 d4 46. Bg6 Kd5 47.
Bd3 Ke5 48. Kg4 Kd5 49. Kf4 Kc5 50. Ke4 a4 51. Na3 Kb4 1/2-1/2

[Event "AUTO-INT-159"]
[Site "http://www.queenalice.com/game.php?id=102802"]
[Date "2006.9.5"]
[Round "1"]
[White "froldan"]
[Black "Guillaume"]
[Result "1-0"]
[WhiteElo "1642"]
[BlackElo "1428"]

1. e4 e5 2. Nf3 Nc6 3. Nc3 Nd4 4. Nxe5 Bd6 5. Nf3 Nxf3+ 6. Qxf3 Nf6 7. Bc4 O-O
8. O-O Be5 9. Rd1 Bxc3 10. dxc3 d6 11. h3 Qe7 12. Bg5 Qxe4 13. Bxf6 Qxc4 14. Qg3
g6 15. b3 Qe6 16. Qh4 h5 17. Qg5 Qf5 18. Re1 Qxg5 19. Bxg5 f6 20. Bh6 Rd8 21.
Re7 c5 22. Rg7+ Kh8 23. Re1 f5 24. Ree7 f4 25. Rh7+ Kg8 26. Reg7+ Kf8 27. Rd7+
Ke8 28. Rde7# 1-0

[Event "AUTO-INT-159"]
[Site "http://www.queenalice.com/game.php?id=102803"]
[Date "2006.9.5"]
[Round "1"]
[White "Guillaume"]
[Black "froldan"]
[Result "0-1"]
[WhiteElo "1452"]
[BlackElo "1633"]

1. e4 c5 2. Bc4 d6 3. Qf3 Nf6 4. d3 Bg4 5. Qg3 Qd7 6. f3 Bh5 7. Bg5 b5 8. Bxf6
bxc4 9. Bxg7 Bxg7 10. Nd2 Bg6 11. Nxc4 Nc6 12. f4 f5 13. exf5 Qxf5 14. Ne3 Qf7
15. Nh3 Bxb2 16. Rb1 Bc3+ 17. Ke2 Nd4+ 18. Kf2 Qxa2 19. Nd5 Qxc2+ 20. Ke3 Qe2#
0-1

[Event "AUTO-INT-159"]
[Site "http://www.queenalice.com/game.php?id=102804"]
[Date "2006.9.5"]
[Round "1"]
[White "froldan"]
[Black "edgar_01"]
[Result "1-0"]
[WhiteElo "1663"]
[BlackElo "1445"]

1. e4 e5 2. Nf3 Nc6 3. Nc3 Nf6 4. Bb5 d6 5. O-O Bg4 6. d3 Be7 7. Bg5 h6 8. Bh4
g5 9. Bg3 Qd7 10. h3 Bxf3 11. Qxf3 g4 12. hxg4 Nxg4 13. Nd5 h5 14. Nxe7 Qxe7 15.
Bxc6+ 1-0

[Event "AUTO-INT-159"]
[Site "http://www.queenalice.com/game.php?id=102805"]
[Date "2006.9.5"]
[Round "1"]
[White "edgar_01"]
[Black "froldan"]
[Result "0-1"]
[WhiteElo "1462"]
[BlackElo "1655"]

1. e4 c5 2. Nf3 d6 3. d4 cxd4 4. Nxd4 Nc6 5. Bb5 Bd7 6. Bxc6 Bxc6 7. Nc3 Nf6 8.
f3 e6 9. O-O Be7 10. Bd2 O-O 11. Nxc6 bxc6 12. Kh1 Qb6 13. Na4 Qb5 14. b3 c5 0-1

[Event "AUTO-INT-159"]
[Site "http://www.queenalice.com/game.php?id=102806"]
[Date "2006.9.5"]
[Round "1"]
[White "froldan"]
[Black "ozzyvegeta"]
[Result "0-1"]
[WhiteElo "1642"]
[BlackElo "1833"]

1. e4 e5 2. Nf3 Nc6 3. Nc3 Bc5 4. Bb5 Nge7 5. O-O O-O 6. d3 a6 7. Ba4 d6 8. Bg5
b5 9. Bb3 Bg4 10. Bd5 Bd7 11. Bxc6 Bxc6 12. d4 exd4 13. Nxd4 Bb7 14. Nf5 f6 15.
Nxe7+ Qxe7 16. Bh4 b4 17. Nd5 Qxe4 18. Nxc7 Qxg2# 0-1

[Event "AUTO-INT-159"]
[Site "http://www.queenalice.com/game.php?id=102807"]
[Date "2006.9.5"]
[Round "1"]
[White "ozzyvegeta"]
[Black "froldan"]
[Result "1-0"]
[WhiteElo "1874"]
[BlackElo "1642"]

1. e4 c5 2. b3 d6 3. Bb2 Nc6 4. Nf3 Bg4 5. Be2 e6 6. d3 Nf6 7. Nbd2 Be7 8. h3
Bh5 9. g4 Bg6 10. e5 Nxe5 11. Nxe5 dxe5 12. Bxe5 O-O 13. h4 h6 14. h5 Bh7 15.
Bf3 Nd5 16. O-O Nf4 17. Bxf4 Bg5 18. Be5 f5 19. Qe2 fxg4 20. Bxg4 Qe7 21. Ne4 g6
22. Bd6 1-0

[Event "Challenge"]
[Site "http://www.queenalice.com/game.php?id=114915"]
[Date "2006.10.9"]
[Round "-"]
[White "froldan"]
[Black "federal"]
[Result "1-0"]
[WhiteElo "1670"]
[BlackElo "1565"]

1. e4 e5 2. Nf3 d6 3. Bb5+ c6 4. Bc4 Be6 5. Bxe6 fxe6 6. O-O Qb6 7. Nc3 Nh6 8.
d3 Nd7 9. Bxh6 Qxb2 10. Bd2 h5 11. Rb1 Qa3 12. Rxb7 Nc5 13. Rb1 g6 14. Re1 Be7
15. d4 exd4 16. Nxd4 Rc8 17. e5 dxe5 18. Nb3 Rf8 19. Rxe5 Na4 20. Nxa4 1-0

[Event "AUTO-INT-296"]
[Site "http://www.queenalice.com/game.php?id=148227"]
[Date "2006.12.30"]
[Round "1"]
[White "csadler"]
[Black "froldan"]
[Result "1-0"]
[WhiteElo "1807"]
[BlackElo "1586"]

1. Nf3 c5 2. e4 Nc6 3. Bb5 Nf6 4. Qe2 d6 5. O-O e6 6. d3 Bd7 7. Bg5 Be7 8. Nbd2
O-O 9. a3 a6 10. Bxc6 Bxc6 11. Rfd1 b5 12. b3 a5 13. e5 Nd5 14. Bxe7 Qxe7 15.
exd6 Qxd6 16. c4 Nc3 17. Qe5 Qxd3 18. Qxc5 Bxf3 19. Nxf3 Nxd1 20. cxb5 1-0

[Event "ARG X BRA"]
[Site "http://www.queenalice.com/game.php?id=153152"]
[Date "2007.1.12"]
[Round "-"]
[White "froldan"]
[Black "mauricio_sm"]
[Result "0-1"]
[WhiteElo "1579"]
[BlackElo "1755"]

1. e4 e5 2. Nf3 d6 3. Nc3 Bg4 4. Be2 Nf6 5. O-O g6 6. d4 exd4 7. Nxd4 Bxe2 8.
Qxe2 Qe7 9. Bg5 Bg7 10. Rad1 Nbd7 11. Nd5 Qd8 12. e5 dxe5 13. Nb5 O-O 14. Ndxc7
Rb8 15. Nd5 a6 0-1